LEADER 01060nam0-22003011i-450- 001 990001854820403321 005 20021010 035 $a000185482 035 $aFED01000185482 035 $a(Aleph)000185482FED01 035 $a000185482 100 $a20021010d--------km-y0itay50------ba 101 0 $aita 200 1 $aElektrochemische Oxydationen und chemische Reduktionen in der Puringruppe. Uber die Bildung von Harnstoff ausAmmoniumbicarbonatlosung bei Korpertemperatur$fWalter Kern. 210 $aBasel$c...$d1926. 215 $a1 v.$d22 cm 300 $apaginazione varia Estr. da: Helvetica chimica acta, 8(3),1926 610 0 $aChimica 676 $a540 700 1$aKern,$bWalter$059493 801 0$aIT$bUNINA$gRICA$2UNIMARC 901 $aBK 912 $a990001854820403321 952 $a60 MISC. B 90/18$b$fFAGBC 959 $aFAGBC 996 $aElektrochemische Oxydationen und chemische Reduktionen in der Puringruppe. Uber die Bildung von Harnstoff ausAmmoniumbicarbonatlosung bei Korpertemperatur$9413863 997 $aUNINA DB $aING01